000 00420nam a22001697a 4500
005 20260402151920.0
008 260402b |||||||| |||| 00| 0 eng d
020 _a9789380231372
041 _aEnglish
082 _a346.0436 SHU
100 _a Sukla, S.N
245 _aTransfer of Property
260 _aFaridabad:
_bAllahabad Law Agency,
_c2018.
300 _a583 p
650 _aTransfer of Property
942 _cDB
999 _c9599
_d9599